|
|
|
|
| LEADER |
00000nas a2200000 4500 |
| 001 |
ssj0018380 |
| 003 |
WaSeSS |
| 005 |
20200512172242.0 |
| 006 |
m d |
| 007 |
cr n |
| 008 |
801011d19801998sz qx p s o i0 a0eng c |
| 010 |
|
|
|a 80649081
|
| 016 |
7 |
|
|a 8010746
|2 DNLM
|
| 016 |
7 |
|
|a W09470000
|z F12729000
|2 DNLM
|
| 022 |
|
|
|l 0251-2432
|y 0251-2432
|
| 030 |
|
|
|a WHFODN
|
| 035 |
|
|
|a (WaSeSS)ssj0018380
|
| 040 |
|
|
|a AZU
|b eng
|c AZU
|d DLC
|d NST
|d RCS
|d NSD
|d AIP
|d NST
|d AIP
|d NST
|d NSD
|d NST
|d NYG
|d NST
|d NLM
|d AGL
|d HUL
|d EBZ
|d NST
|d BSS
|d IUL
|d AGL
|d IUL
|d WAU
|d OCLCQ
|d NLGGC
|d NYDWH
|d CEF
|d OCLCQ
|d CUS
|d OCLCF
|d OCLCO
|d EUW
|d OCLCO
|d OCLCQ
|d OCLCO
|d OCLCA
|d GILDS
|d WaSeSS
|
| 042 |
|
|
|a pcc
|a nsdp
|
| 050 |
0 |
0 |
|a RA441
|b .W67
|
| 050 |
1 |
4 |
|a UN9 WH .W52 .ENG
|
| 060 |
0 |
0 |
|a W1
|b WO873
|
| 070 |
0 |
|
|a RA441.W6
|
| 082 |
0 |
4 |
|a 362.1/05
|
| 210 |
0 |
|
|a World health forum
|
| 222 |
|
0 |
|a World health forum
|
| 245 |
0 |
0 |
|a World health forum
|h [electronic resource].
|
| 260 |
|
|
|a Geneva,
|b World Health Organization.
|
| 310 |
|
|
|a Four no. a year
|
| 362 |
0 |
|
|a v. 1-19; 1980-1998.
|
| 506 |
|
|
|a License restrictions may limit access.
|
| 520 |
|
|
|a "An international journal of health development."
|
| 650 |
|
0 |
|a World health
|v Periodicals.
|
| 650 |
|
0 |
|a Public health
|v Periodicals.
|
| 650 |
|
0 |
|a Community health services
|v Periodicals.
|
| 650 |
|
7 |
|a Community health services.
|2 fast
|0 (OCoLC)fst00870958
|
| 650 |
|
7 |
|a Public health.
|2 fast
|0 (OCoLC)fst01082238
|
| 650 |
|
7 |
|a World health.
|2 fast
|0 (OCoLC)fst01181338
|
| 650 |
1 |
7 |
|a Wereldgezondheid.
|2 gtt
|
| 650 |
|
7 |
|a HEALTH.
|2 unbist
|
| 650 |
|
7 |
|a PUBLIC HEALTH.
|2 unbist
|
| 650 |
|
2 |
|a Developing Countries.
|0 https://id.nlm.nih.gov/mesh/D003906
|
| 650 |
|
2 |
|a Health Planning.
|0 https://id.nlm.nih.gov/mesh/D006285
|
| 650 |
|
2 |
|a Public Health.
|0 https://id.nlm.nih.gov/mesh/D011634
|
| 655 |
|
0 |
|a Electronic journals.
|
| 710 |
2 |
|
|a World Health Organization.
|
| 785 |
0 |
4 |
|a World Health Organization.
|t Bulletin of the World Health Organization
|x 0042-9686
|w (DLC) 52004897
|w (OCoLC)1588496
|
| 850 |
|
|
|a AU
|a ArU
|a ArU-M
|a AzU
|a CCC
|a CNoS
|a CSt
|a CSt-L
|a CU-AM
|a CU-RivA
|a CU-SM
|a CaAEU
|a CaBVaS
|a CaMWM
|a CaMWU
|a CaOONH
|a CaOOS
|a CaOPAL
|a CaOTU
|a CaSSU
|a CoFS
|a CtY-M
|a DLC
|a DNAL
|a DeU
|
| 850 |
|
|
|a ICU
|a ICarbS
|a IEdS
|a INS
|a IU
|a IU-M
|a IaU
|a In
|a InLP
|a InU
|a KMK
|a LU
|a MBCo
|a MBU
|a MMeT
|a MU
|a MWelC
|a MDBJ
|a MdU-H
|a MdU
|a MiD
|a MiDW-M
|a MiEM
|a MiU
|a MnU-B
|a MsSM
|a N
|a NIC
|a NN
|a NNC-M
|a NSyU
|a NbU-M
|a NcRS
|a NhD
|a NjP
|a OC
|a OClW-H
|a OU
|a OkS
|a OrCS
|a PPC
|a PPPCPh
|a PPT
|a RPB-S
|a TNJ-M
|a TxArU
|a TxHMC
|a TxU
|a ULA
|a ViBlbV
|a WM
|a Wa
|a WaU
|
| 856 |
4 |
0 |
|z Full text available from Research Library: 01/01/1998 to 01/31/1998
|u https://search.proquest.com/publication/48106
|